00855 a2200217 4500003000700000005001700007008004100024040004100065050002300106100002300129245014500152260004100297300003200338336002800370337003000398338002700428610002800455942001300483999001700496952012400513CBULib20260703075936.0260702b |||||||| |||| 00| 0 eng d aCBULibbEnglishcCBULibdCBULiberda aCBU- PG THESIS/NTA aNtanga, Mbao Brian aAfrican solutions to african problems? the successes of the sadc fore intervention brigade in eastern drc, 2013-2023c/ by Brian Mbao Ntanga bCopperbelt University,c2024akitwe: ax, 84 pages : illustrations 2rdacontentaText |btxt 2rdamediaaUnmediated |bn 2rdacarrieraVolumebnc 2PEACE KEEPING IN AFRICA 2lccc023 c86821d86821 00102mc40708SCa001b001cSCd2026-07-02eDEP-CBU/07/2026l0oCBU-PG/THESIS/NTAp86821r2026-07-02w2026-07-02y023